[Event "Danish CPH 2023 for 50+ and 65+"]
[Site "Nyhavnsgade 14, 2. sal. 9000 Aalborg"]
[Date "2023.02.20"]
[Round "2.1"]
[White "Lilja, Richard"]
[Black "Nordenbaek, Jan"]
[Result "0-1"]
[BlackElo "2122"]
[WhiteElo "2004"]
[LiveChessVersion "1.4.8"]

1. b3 {[%clk 1:30:56]} e5 {[%clk 1:30:02]} 2. Bb2 {[%clk 1:31:21]} Nc6
{[%clk 1:30:22]} 3. e3 {[%clk 1:31:39]} Nf6 {[%clk 1:30:40]} 4. Bb5
{[%clk 1:31:44]} Bd6 {[%clk 1:31:01]} 5. Na3 {[%clk 1:31:31]} Na5
{[%clk 1:31:00]} 6. Nc4 {[%clk 1:22:17]} Nxc4 {[%clk 1:29:57]} 7. Bxc4
{[%clk 1:22:29]} O-O {[%clk 1:29:46]} 8. f3 {[%clk 1:13:46]} Qe7 {[%clk 1:27:52]}
9. Nh3 {[%clk 1:12:25]} c6 {[%clk 1:27:54]} 10. Nf2 {[%clk 0:59:49]} Bc7
{[%clk 1:25:10]} 11. O-O {[%clk 0:55:25]} d5 {[%clk 1:25:08]} 12. Be2
{[%clk 0:52:03]} h6 {[%clk 1:14:17]} 13. Kh1 {[%clk 0:49:23]} Rd8
{[%clk 1:11:31]} 14. Qe1 {[%clk 0:45:20]} Bf5 {[%clk 1:00:24]} 15. Bd3
{[%clk 0:34:47]} Bh7 {[%clk 0:59:02]} 16. Bxh7+ {[%clk 0:34:03]} Nxh7
{[%clk 0:59:24]} 17. Nh3 {[%clk 0:31:49]} Qc5 {[%clk 0:55:17]} 18. Rc1
{[%clk 0:28:00]} d4 {[%clk 0:53:49]} 19. exd4 {[%clk 0:19:51]} exd4
{[%clk 0:54:06]} 20. Qh4 {[%clk 0:19:29]} Qd6 {[%clk 0:48:20]} 21. Nf2
{[%clk 0:19:52]} Qf4 {[%clk 0:46:56]} 22. Qxf4 {[%clk 0:18:30]} Bxf4
{[%clk 0:46:48]} 23. Rcd1 {[%clk 0:17:37]} c5 {[%clk 0:46:27]} 24. Nd3
{[%clk 0:11:52]} Bd6 {[%clk 0:46:43]} 25. a4 {[%clk 0:12:18]} Rac8
{[%clk 0:45:34]} 26. Nf2 {[%clk 0:10:49]} f5 {[%clk 0:36:06]} 27. d3
{[%clk 0:09:18]} Nf6 {[%clk 0:35:49]} 28. Bc1 {[%clk 0:07:53]} Nd5
{[%clk 0:35:39]} 29. Rfe1 {[%clk 0:06:47]} Nc3 {[%clk 0:34:15]} 30. Bd2
{[%clk 0:04:25]} Nxd1 {[%clk 0:34:24]} 31. Rxd1 {[%clk 0:04:32]} Re8
{[%clk 0:34:34]} 32. Kg1 {[%clk 0:03:39]} b6 {[%clk 0:33:41]} 33. f4
{[%clk 0:02:37]} a6 {[%clk 0:33:32]} 34. h4 {[%clk 0:02:33]} b5 {[%clk 0:33:46]}
35. axb5 {[%clk 0:01:22]} axb5 {[%clk 0:34:08]} 36. Nh1 {[%clk 0:01:06]} c4
{[%clk 0:33:04]} 37. bxc4 {[%clk 0:00:45]} bxc4 {[%clk 0:33:27]} 38. Ng3
{[%clk 0:00:41]} g6 {[%clk 0:33:42]} 39. h5 {[%clk 0:00:49]} Kf7 {[%clk 0:31:36]}
40. hxg6+ {[%clk 0:01:06]} Kxg6 {[%clk 0:32:03]} 41. dxc4 {[%clk 0:25:05]} Rxc4
{[%clk 1:02:11]} 42. Ra1 {[%clk 0:25:06]} Rxc2 {[%clk 1:02:21]} 43. Ra6
{[%clk 0:25:17]} Rxd2 {[%clk 1:00:02]} 44. Rxd6+ {[%clk 0:25:41]} Kf7
{[%clk 0:57:58]} 45. Nxf5 {[%clk 0:24:35]} Ree2 {[%clk 0:53:34]} 46. Nxh6+
{[%clk 0:24:53]} Kf8 {[%clk 0:53:30]} 47. Rg6 {[%clk 0:24:53]} d3
{[%clk 0:53:20]} 48. f5 {[%clk 0:06:54]} Rxg2+ {[%clk 0:53:07]} 49. Rxg2
{[%clk 0:07:01]} Rxg2+ {[%clk 0:53:31]} 50. Kxg2 {[%clk 0:07:24]} d2
{[%clk 0:53:57]} 51. Ng4 {[%clk 0:05:15]} d1=Q {[%clk 0:54:11]} 52. Kg3
{[%clk 0:05:21]} Qd2 {[%clk 0:53:54]} 53. Kf3 {[%clk 0:05:09]} Kf7
{[%clk 0:53:20]} 54. Ke4 {[%clk 0:05:01]} Qg5 {[%clk 0:51:45]} 55. Ne3
{[%clk 0:04:54]} Ke7 {[%clk 0:51:31]} 56. Nd5+ {[%clk 0:03:47]} Kd6
{[%clk 0:51:49]} 57. Nf4 {[%clk 0:03:24]} Qf6 {[%clk 0:50:38]} 58. Ng6
{[%clk 0:03:11]} Kc5 {[%clk 0:50:08]} 59. Nf4 {[%clk 0:02:42]} Qd4+
{[%clk 0:47:57]} 60. Kf3 {[%clk 0:03:11]} Kd6 {[%clk 0:48:08]} 61. Ng6
{[%clk 0:03:36]} Kd5 {[%clk 0:47:32]} 62. Ne7+ {[%clk 0:03:12]} Kc4
{[%clk 0:47:49]} 63. Ng6 {[%clk 0:03:31]} Kd3 {[%clk 0:46:15]} 64. Nf4+
{[%clk 0:03:52]} Kd2 {[%clk 0:46:18]} 65. Ne6 {[%clk 0:03:25]} Qc4
{[%clk 0:40:29]} 66. Nf4 {[%clk 0:03:27]} Qb3+ {[%clk 0:36:35]} 67. Kg4
{[%clk 0:03:52]} Ke3 {[%clk 0:35:11]} 68. Ne6 {[%clk 0:04:17]} Qd5
{[%clk 0:32:33]} 69. Kg5 {[%clk 0:03:40]} Ke4 {[%clk 0:32:01]} 70. Ng7
{[%clk 0:04:02]} Qf7 {[%clk 0:31:01]} 71. Kh6 {[%clk 0:04:12]} Kf4
{[%clk 0:29:46]} 72. Kh7 {[%clk 0:00:44]} Kg5 {[%clk 0:29:32]} 73. Kh8
{[%clk 0:00:36]} Kf6 {[%clk 0:29:11]} 74. Nh5+ {[%clk 0:00:41]} Qxh5+
{[%clk 0:29:31]} 75. Kg8 {[%clk 0:01:05]} Qf7+ {[%clk 0:29:56]} 76. Kh8
{[%clk 0:01:29]} Qg7# {[%clk 0:30:25]} 0-1

[Event "Danish CPH 2023 for 50+ and 65+"]
[Site "Nyhavnsgade 14, 2. sal. 9000 Aalborg"]
[Date "2023.02.20"]
[Round "2.2"]
[White "Nielsen, Niels-Peter"]
[Black "Oehlerich, Per"]
[Result "0-1"]
[BlackElo "1952"]
[WhiteElo "2030"]
[LiveChessVersion "1.4.8"]

1. e4 {[%clk 1:30:58]} c6 {[%clk 1:30:25]} 2. d4 {[%clk 1:30:39]} d5
{[%clk 1:30:49]} 3. exd5 {[%clk 1:30:54]} cxd5 {[%clk 1:31:12]} 4. c4
{[%clk 1:31:09]} e6 {[%clk 1:30:55]} 5. Nf3 {[%clk 1:30:41]} Nf6 {[%clk 1:30:40]}
6. Nc3 {[%clk 1:30:21]} Be7 {[%clk 1:26:55]} 7. Be2 {[%clk 1:24:36]} O-O
{[%clk 1:26:21]} 8. O-O {[%clk 1:24:40]} Nc6 {[%clk 1:24:09]} 9. a3
{[%clk 1:21:34]} Ne4 {[%clk 1:18:08]} 10. h3 {[%clk 1:13:58]} a6 {[%clk 1:09:12]}
11. Re1 {[%clk 1:02:07]} Bf6 {[%clk 1:02:48]} 12. Be3 {[%clk 1:01:56]} Nxc3
{[%clk 1:01:25]} 13. bxc3 {[%clk 1:02:16]} Qc7 {[%clk 0:55:46]} 14. cxd5
{[%clk 0:56:26]} exd5 {[%clk 0:55:47]} 15. Qd3 {[%clk 0:56:11]} Na5
{[%clk 0:51:32]} 16. Bg5 {[%clk 0:54:02]} Bxg5 {[%clk 0:50:22]} 17. Nxg5
{[%clk 0:54:30]} g6 {[%clk 0:50:13]} 18. Nf3 {[%clk 0:52:29]} Bf5
{[%clk 0:48:14]} 19. Qd2 {[%clk 0:50:50]} Nb3 {[%clk 0:46:35]} 20. Qh6
{[%clk 0:47:30]} Nxa1 {[%clk 0:43:49]} 21. g4 {[%clk 0:47:42]} Be4
{[%clk 0:42:40]} 22. Ng5 {[%clk 0:43:41]} f6 {[%clk 0:29:33]} 23. Ne6
{[%clk 0:43:21]} Qe7 {[%clk 0:27:41]} 24. Nxf8 {[%clk 0:41:15]} Rxf8
{[%clk 0:27:48]} 25. Rxa1 {[%clk 0:40:53]} g5 {[%clk 0:25:36]} 26. h4
{[%clk 0:39:15]} Bg6 {[%clk 0:24:24]} 27. Bf3 {[%clk 0:39:06]} Rd8
{[%clk 0:21:29]} 28. hxg5 {[%clk 0:38:30]} fxg5 {[%clk 0:21:39]} 29. Qh1
{[%clk 0:36:58]} Qf7 {[%clk 0:18:34]} 30. Re1 {[%clk 0:32:41]} Kg7
{[%clk 0:17:47]} 31. Re3 {[%clk 0:31:59]} h6 {[%clk 0:13:59]} 32. Qh2
{[%clk 0:30:40]} Re8 {[%clk 0:08:46]} 33. Bxd5 {[%clk 0:27:11]} Qxd5
{[%clk 0:08:56]} 34. Rxe8 {[%clk 0:26:12]} Bxe8 {[%clk 0:09:19]} 35. Qc7+
{[%clk 0:26:23]} Bf7 {[%clk 0:09:10]} 0-1

[Event "Danish CPH 2023 for 50+ and 65+"]
[Site "Nyhavnsgade 14, 2. sal. 9000 Aalborg"]
[Date "2023.02.20"]
[Round "2.3"]
[White "Gronhoj, Benny"]
[Black "Steffensen, Elena"]
[Result "0-1"]
[BlackElo "2024"]
[WhiteElo "1929"]
[LiveChessVersion "1.4.8"]

1. b4 {[%clk 1:30:54]} d5 {[%clk 1:29:40]} 2. Bb2 {[%clk 1:30:59]} Nf6
{[%clk 1:29:52]} 3. e3 {[%clk 1:30:29]} e6 {[%clk 1:27:58]} 4. a3
{[%clk 1:30:42]} c5 {[%clk 1:27:12]} 5. bxc5 {[%clk 1:30:22]} Bxc5
{[%clk 1:27:26]} 6. Nf3 {[%clk 1:28:15]} Nc6 {[%clk 1:26:41]} 7. c4
{[%clk 1:25:15]} O-O {[%clk 1:22:24]} 8. Be2 {[%clk 1:23:09]} d4 {[%clk 1:18:53]}
9. Qc2 {[%clk 1:19:08]} e5 {[%clk 1:16:20]} 10. exd4 {[%clk 1:16:24]} Nxd4
{[%clk 1:15:14]} 11. Nxd4 {[%clk 1:16:36]} Bxd4 {[%clk 1:12:58]} 12. Bxd4
{[%clk 1:16:26]} Qxd4 {[%clk 1:13:00]} 13. Qc3 {[%clk 1:12:42]} Qe4
{[%clk 1:08:54]} 14. f3 {[%clk 1:11:14]} Qh4+ {[%clk 1:06:48]} 15. g3
{[%clk 1:09:56]} Qh3 {[%clk 1:06:30]} 16. Qe3 {[%clk 0:58:57]} e4
{[%clk 1:02:22]} 17. Bf1 {[%clk 0:53:45]} Qh5 {[%clk 1:00:49]} 18. fxe4
{[%clk 0:46:20]} Ng4 {[%clk 0:48:30]} 19. Qe2 {[%clk 0:44:59]} Qc5
{[%clk 0:45:06]} 20. h3 {[%clk 0:39:10]} Qe5 {[%clk 0:40:16]} 21. hxg4
{[%clk 0:38:18]} Qxa1 {[%clk 0:40:26]} 22. Qd1 {[%clk 0:35:43]} Bxg4
{[%clk 0:37:11]} 23. Qxg4 {[%clk 0:34:39]} Qxb1+ {[%clk 0:37:34]} 24. Kf2
{[%clk 0:31:17]} Rad8 {[%clk 0:35:53]} 25. d3 {[%clk 0:30:01]} Rxd3
{[%clk 0:31:05]} 26. Qh4 {[%clk 0:23:43]} Qb6+ {[%clk 0:27:46]} 27. Kg2
{[%clk 0:09:37]} Rd2+ {[%clk 0:27:02]} 28. Kh3 {[%clk 0:05:57]} Qe6+
{[%clk 0:25:15]} 29. Qg4 {[%clk 0:06:16]} Re8 {[%clk 0:24:26]} 0-1

[Event "Danish CPH 2023 for 50+ and 65+"]
[Site "Nyhavnsgade 14, 2. sal. 9000 Aalborg"]
[Date "2023.02.20"]
[Round "2.4"]
[White "Westenborg, Allan"]
[Black "Fischer, Johan"]
[Result "1-0"]
[BlackElo "1827"]
[WhiteElo "1772"]
[LiveChessVersion "1.4.8"]

1. d4 {[%clk 1:30:56]} Nf6 {[%clk 1:30:53]} 2. Nf3 {[%clk 1:31:13]} e6
{[%clk 1:29:29]} 3. Bf4 {[%clk 1:30:52]} b6 {[%clk 1:26:28]} 4. e3
{[%clk 1:27:04]} Bb7 {[%clk 1:24:27]} 5. Bd3 {[%clk 1:27:13]} d5 {[%clk 1:18:11]}
6. Nbd2 {[%clk 1:25:42]} Bd6 {[%clk 1:18:13]} 7. Ne5 {[%clk 1:23:17]} a6
{[%clk 1:13:03]} 8. c3 {[%clk 1:18:12]} Nbd7 {[%clk 1:11:38]} 9. h4
{[%clk 1:14:32]} Qe7 {[%clk 1:04:10]} 10. Qe2 {[%clk 1:11:26]} b5
{[%clk 1:01:46]} 11. g4 {[%clk 1:06:58]} Nb6 {[%clk 0:59:58]} 12. g5
{[%clk 0:59:09]} Nfd7 {[%clk 0:56:32]} 13. Rg1 {[%clk 0:55:41]} Nc4
{[%clk 0:50:40]} 14. Nxd7 {[%clk 0:53:33]} Qxd7 {[%clk 0:48:31]} 15. Nf3
{[%clk 0:52:47]} Bxf4 {[%clk 0:45:02]} 16. exf4 {[%clk 0:51:17]} O-O-O
{[%clk 0:38:11]} 17. b3 {[%clk 0:51:22]} Nb6 {[%clk 0:37:40]} 18. Ne5
{[%clk 0:50:21]} Qe7 {[%clk 0:36:12]} 19. a4 {[%clk 0:50:11]} c6 {[%clk 0:36:07]}
20. axb5 {[%clk 0:47:02]} cxb5 {[%clk 0:35:45]} 21. Kd2 {[%clk 0:43:50]} f6
{[%clk 0:34:46]} 22. Nf3 {[%clk 0:43:27]} Qd6 {[%clk 0:33:30]} 23. Qe3
{[%clk 0:38:23]} Rde8 {[%clk 0:32:25]} 24. gxf6 {[%clk 0:35:00]} gxf6
{[%clk 0:31:38]} 25. Rg7 {[%clk 0:34:37]} h6 {[%clk 0:30:13]} 26. Bg6
{[%clk 0:31:37]} Re7 {[%clk 0:24:49]} 27. Rxe7 {[%clk 0:31:55]} Qxe7
{[%clk 0:25:11]} 28. f5 {[%clk 0:31:14]} Nd7 {[%clk 0:18:40]} 29. Qxe6
{[%clk 0:28:44]} Qxe6 {[%clk 0:18:13]} 30. fxe6 {[%clk 0:29:07]} Nf8
{[%clk 0:18:30]} 31. Bf7 {[%clk 0:29:34]} Kd8 {[%clk 0:18:26]} 32. h5
{[%clk 0:25:54]} Bc8 {[%clk 0:15:03]} 33. Re1 {[%clk 0:26:04]} Nxe6
{[%clk 0:05:43]} 34. Bxe6 {[%clk 0:26:14]} Bb7 {[%clk 0:06:07]} 35. Nh4
{[%clk 0:26:08]} Kc7 {[%clk 0:05:57]} 36. Ng6 {[%clk 0:26:09]} Ra8
{[%clk 0:06:05]} 37. Bf5 {[%clk 0:25:56]} a5 {[%clk 0:05:58]} 38. Bc2
{[%clk 0:25:38]} Kd6 39. Nf4 {[%clk 0:25:54]} Rf8 {[%clk 0:04:27]} 40. Re6+
{[%clk 0:26:10]} Kc7 {[%clk 0:03:58]} 41. Re7+ {[%clk 0:25:33]} Kb6
{[%clk 0:02:49]} 42. Ne6 {[%clk 0:25:01]} Ra8 {[%clk 0:02:40]} 43. Nc5
{[%clk 0:25:20]} Bc6 {[%clk 0:02:50]} 44. Re6 {[%clk 0:24:55]} Kc7
{[%clk 0:28:50]} 45. Rxf6 {[%clk 0:54:56]} a4 {[%clk 0:28:59]} 46. Rg6
{[%clk 0:50:09]} Be8 {[%clk 0:26:21]} 47. Rg7+ {[%clk 0:49:47]} Kd6
{[%clk 0:23:15]} 48. bxa4 {[%clk 0:49:20]} bxa4 {[%clk 0:23:29]} 49. Kc1
{[%clk 0:47:52]} a3 {[%clk 0:21:25]} 50. Kb1 {[%clk 0:48:12]} a2+
{[%clk 0:21:25]} 51. Ka1 {[%clk 0:48:24]} Bxh5 {[%clk 0:21:01]} 52. Rh7
{[%clk 0:47:15]} Be2 {[%clk 0:19:47]} 53. Rxh6+ {[%clk 0:47:35]} Kc7
{[%clk 0:19:51]} 54. Bd3 {[%clk 0:45:45]} Bd1 {[%clk 0:16:18]} 55. Ra6
{[%clk 0:45:43]} Re8 {[%clk 0:14:42]} 56. Kxa2 {[%clk 0:44:36]} Rb8
{[%clk 0:11:23]} 57. f4 {[%clk 0:43:06]} Bg4 {[%clk 0:11:15]} 58. f5
{[%clk 0:43:22]} Rh8 {[%clk 0:10:47]} 59. Ra7+ {[%clk 0:40:33]} Kc6
{[%clk 0:10:00]} 60. Rb7 {[%clk 0:40:22]} Ra8+ {[%clk 0:08:57]} 61. Kb2
{[%clk 0:40:47]} Ra5 {[%clk 0:09:09]} 62. Rg7 {[%clk 0:41:00]} Bh5
{[%clk 0:08:59]} 63. f6 {[%clk 0:41:12]} Ra8 {[%clk 0:08:57]} 64. Rh7
{[%clk 0:41:02]} Rb8+ {[%clk 0:08:47]} 65. Kc2 {[%clk 0:41:15]} Bg4
{[%clk 0:08:37]} 66. f7 {[%clk 0:41:37]} Rf8 {[%clk 0:05:24]} 67. Bg6
{[%clk 0:41:57]} Kd6 {[%clk 0:05:23]} 68. Rg7 {[%clk 0:42:01]} Ke7
{[%clk 0:04:43]} 69. Rg8 {[%clk 0:40:06]} Bh3 {[%clk 0:04:29]} 70. Rxf8
{[%clk 0:40:21]} Kxf8 {[%clk 0:04:47]} 71. Kd3 {[%clk 0:40:24]} Bg4
{[%clk 0:04:09]} 72. Ke3 {[%clk 0:40:49]} Kg7 {[%clk 0:04:23]} 73. Kf4
{[%clk 0:41:03]} 1-0

[Event "Danish CPH 2023 for 50+ and 65+"]
[Site "Nyhavnsgade 14, 2. sal. 9000 Aalborg"]
[Date "2023.02.20"]
[Round "2.5"]
[White "Hein, Jacob"]
[Black "Schacht, Jorgen Vejby"]
[Result "0-1"]
[BlackElo "1654"]
[WhiteElo "1341"]
[LiveChessVersion "1.4.8"]

1. Nf3 {[%clk 1:30:46]} Nf6 {[%clk 1:30:53]} 2. c4 {[%clk 1:30:59]} e6
{[%clk 1:30:55]} 3. g3 {[%clk 1:31:15]} b6 {[%clk 1:30:14]} 4. Nc3
{[%clk 1:31:18]} Bb7 {[%clk 1:30:25]} 5. d3 {[%clk 1:31:25]} c5 {[%clk 1:29:17]}
6. Bg2 {[%clk 1:31:48]} Be7 {[%clk 1:29:21]} 7. Bf4 {[%clk 1:30:03]} d6
{[%clk 1:27:28]} 8. O-O {[%clk 1:29:05]} O-O {[%clk 1:27:47]} 9. Re1
{[%clk 1:29:07]} Nc6 {[%clk 1:25:50]} 10. Qd2 {[%clk 1:27:23]} Re8
{[%clk 1:19:14]} 11. Ng5 {[%clk 1:23:05]} h6 {[%clk 1:05:21]} 12. Nf3
{[%clk 1:16:31]} Bf8 {[%clk 1:01:55]} 13. d4 {[%clk 1:15:57]} Nxd4
{[%clk 0:47:08]} 14. Rad1 {[%clk 1:15:56]} Nxf3+ {[%clk 0:30:58]} 15. exf3
{[%clk 1:15:44]} e5 {[%clk 0:29:20]} 16. Bxe5 {[%clk 1:15:57]} dxe5
{[%clk 0:28:15]} 17. Qxd8 {[%clk 1:15:21]} Raxd8 {[%clk 0:28:14]} 18. Rxd8
{[%clk 1:15:42]} Rxd8 {[%clk 0:28:39]} 19. Rxe5 {[%clk 1:15:57]} Rd2
{[%clk 0:27:54]} 20. Re2 {[%clk 1:16:21]} Rxe2 {[%clk 0:25:12]} 21. Nxe2
{[%clk 1:16:43]} Bd6 {[%clk 0:25:09]} 22. Nc3 {[%clk 1:17:04]} Be5
{[%clk 0:23:26]} 23. Nd1 {[%clk 1:17:03]} Bd4 {[%clk 0:22:06]} 24. Kf1
{[%clk 1:17:02]} Nd7 {[%clk 0:21:58]} 25. a3 {[%clk 1:16:00]} Ne5
{[%clk 0:21:31]} 26. b3 {[%clk 1:13:48]} Bxf3 {[%clk 0:20:48]} 27. Bxf3
{[%clk 1:14:05]} Nxf3 {[%clk 0:21:14]} 28. h4 {[%clk 1:14:08]} Nd2+
{[%clk 0:21:17]} 29. Ke2 {[%clk 1:14:27]} Nxb3 {[%clk 0:21:10]} 30. Kd3
{[%clk 1:14:37]} Na5 {[%clk 0:19:03]} 31. f3 {[%clk 1:14:30]} Nc6
{[%clk 0:19:11]} 32. f4 {[%clk 1:14:43]} Kf8 {[%clk 0:17:13]} 33. Ke4
{[%clk 1:14:54]} h5 {[%clk 0:16:45]} 34. Kd5 {[%clk 1:15:07]} Ne7+
{[%clk 0:16:40]} 35. Kd6 {[%clk 1:15:06]} a6 {[%clk 0:07:39]} 36. a4
{[%clk 1:15:10]} b5 {[%clk 0:03:56]} 37. cxb5 {[%clk 1:14:50]} axb5
{[%clk 0:04:09]} 38. axb5 {[%clk 1:15:02]} c4 {[%clk 0:04:27]} 39. f5
{[%clk 1:14:49]} f6 {[%clk 0:02:00]} 40. Kc7 {[%clk 1:14:45]} c3 {[%clk 0:02:07]}
41. b6 {[%clk 1:15:14]} c2 {[%clk 0:01:04]} 42. b7 {[%clk 1:15:38]} Be5+
{[%clk 0:29:51]} 0-1

[Event "Danish CPH 2023 for 50+ and 65+"]
[Site "Nyhavnsgade 14, 2. sal. 9000 Aalborg"]
[Date "2023.02.20"]
[Round "2.6"]
[White "Pilgaard, Erik"]
[Black "Lytzen, Lars Erik"]
[Result "1-0"]
[BlackElo "1306"]
[WhiteElo "1442"]
[LiveChessVersion "1.4.8"]

1. e4 {[%clk 1:30:30]} e6 {[%clk 1:30:50]} 2. d4 {[%clk 1:30:43]} d5
{[%clk 1:31:14]} 3. exd5 {[%clk 1:30:35]} exd5 {[%clk 1:31:21]} 4. Nf3
{[%clk 1:30:28]} Nf6 {[%clk 1:31:11]} 5. Nc3 {[%clk 1:30:11]} Bb4
{[%clk 1:31:09]} 6. Bd2 {[%clk 1:30:22]} Nc6 {[%clk 1:30:52]} 7. Be2
{[%clk 1:28:21]} O-O {[%clk 1:30:26]} 8. O-O {[%clk 1:28:45]} Bg4
{[%clk 1:30:21]} 9. a3 {[%clk 1:27:57]} Ba5 {[%clk 1:29:13]} 10. Ne5
{[%clk 1:25:29]} Bxe2 {[%clk 1:28:09]} 11. Nxe2 {[%clk 1:25:46]} Bxd2
{[%clk 1:25:45]} 12. Nxc6 {[%clk 1:23:46]} bxc6 {[%clk 1:25:54]} 13. Qxd2
{[%clk 1:24:09]} Qd6 {[%clk 1:25:43]} 14. Ng3 {[%clk 1:24:06]} Rfe8
{[%clk 1:25:37]} 15. Nf5 {[%clk 1:23:15]} Qd7 {[%clk 1:25:20]} 16. Nxg7
{[%clk 1:21:29]} Ne4 {[%clk 1:11:46]} 17. Nxe8 {[%clk 1:19:02]} Nxd2
{[%clk 1:11:08]} 18. Nf6+ {[%clk 1:19:12]} 1-0

[Event "Danish CPH 2023 for 50+ and 65+"]
[Site "Nyhavnsgade 14, 2. sal. 9000 Aalborg"]
[Date "2023.02.20"]
[Round "2.7"]
[White "Grue, Vibeke"]
[Black "Pors, Kim"]
[Result "0-1"]
[BlackElo "1406"]
[WhiteElo "986"]
[LiveChessVersion "1.4.8"]

1. e4 {[%clk 1:30:55]} e5 {[%clk 1:30:46]} 2. Nf3 {[%clk 1:31:06]} d6
{[%clk 1:30:52]} 3. Bc4 {[%clk 1:30:07]} Bg4 {[%clk 1:30:11]} 4. d3
{[%clk 1:30:06]} h6 {[%clk 1:28:11]} 5. Be3 {[%clk 1:30:10]} Nf6 {[%clk 1:20:38]}
6. Nbd2 {[%clk 1:29:57]} Nc6 {[%clk 1:12:09]} 7. c3 {[%clk 1:27:01]} a6
{[%clk 1:02:10]} 8. Qb3 {[%clk 1:24:18]} Na5 {[%clk 0:51:19]} 9. Bxf7+
{[%clk 1:17:49]} Ke7 {[%clk 0:49:51]} 10. Qa4 {[%clk 1:14:00]} Nc6
{[%clk 0:48:28]} 11. Bg6 {[%clk 1:12:32]} b5 {[%clk 0:45:04]} 12. Qb3
{[%clk 1:12:25]} Be6 {[%clk 0:44:35]} 13. Qa3 {[%clk 1:12:01]} Kd7
{[%clk 0:40:24]} 14. h3 {[%clk 0:59:19]} Ne7 {[%clk 0:40:42]} 15. Nh4
{[%clk 0:56:47]} d5 {[%clk 0:32:28]} 16. Rd1 {[%clk 0:56:48]} Nxg6
{[%clk 0:31:39]} 17. Nxg6 {[%clk 0:56:55]} Bxa3 {[%clk 0:31:43]} 18. Nxe5+
{[%clk 0:56:55]} Kc8 {[%clk 0:27:18]} 19. Nc6 {[%clk 0:55:33]} Qe8
{[%clk 0:25:10]} 20. Na7+ {[%clk 0:55:53]} Kb7 {[%clk 0:24:37]} 21. bxa3
{[%clk 0:56:05]} dxe4 {[%clk 0:22:04]} 22. a4 {[%clk 0:56:01]} Rxa7
{[%clk 0:21:56]} 23. Bxa7 {[%clk 0:56:19]} Kxa7 {[%clk 0:22:12]} 24. O-O
{[%clk 0:56:07]} Qg6 {[%clk 0:20:44]} 25. Rfe1 {[%clk 0:51:45]} Bxh3
{[%clk 0:20:30]} 26. g3 {[%clk 0:51:47]} Bg4 {[%clk 0:18:46]} 27. Rb1
{[%clk 0:51:32]} Rd8 {[%clk 0:17:04]} 28. axb5 {[%clk 0:50:24]} Rb8
{[%clk 0:14:30]} 29. dxe4 {[%clk 0:50:33]} Rxb5 {[%clk 0:13:41]} 30. Rbc1
{[%clk 0:49:23]} Nd7 {[%clk 0:12:17]} 31. a4 {[%clk 0:49:09]} Rb8
{[%clk 0:09:52]} 32. e5 {[%clk 0:49:27]} h5 {[%clk 0:09:48]} 33. f3
{[%clk 0:49:42]} Be6 {[%clk 0:10:02]} 34. Kf2 {[%clk 0:49:37]} Nc5
{[%clk 0:10:14]} 35. a5 {[%clk 0:49:27]} Nd3+ {[%clk 0:10:33]} 36. Ke3
{[%clk 0:49:35]} Nxe1 {[%clk 0:10:51]} 37. Ne4 {[%clk 0:49:36]} Qh6+
{[%clk 0:10:21]} 38. f4 {[%clk 0:49:39]} Ng2+ {[%clk 0:10:37]} 39. Kd3
{[%clk 0:49:22]} Qg6 {[%clk 0:10:11]} 40. Rf1 {[%clk 0:49:24]} Rd8+
{[%clk 0:09:55]} 41. Kc2 {[%clk 0:49:16]} Ne3+ {[%clk 0:10:16]} 42. Kb2
{[%clk 0:49:12]} Qxe4 {[%clk 0:10:19]} 43. Rc1 {[%clk 0:49:09]} Nc4+
{[%clk 0:10:27]} 44. Ka1 {[%clk 0:49:19]} Qg2 {[%clk 0:10:13]} 45. Rb1
{[%clk 0:49:10]} Rd2 {[%clk 0:10:16]} 0-1

[Event "Danish CPH 2023 for 50+ and 65+"]
[Site "Nyhavnsgade 14, 2. sal. 9000 Aalborg"]
[Date "2023.02.21"]
[Round "3.2"]
[White "Oehlerich, Per"]
[Black "Lilja, Richard"]
[Result "1/2-1/2"]
[BlackElo "1952"]
[WhiteElo "2004"]
[LiveChessVersion "1.4.8"]

1. c4 {[%clk 1:30:50]} f5 {[%clk 1:30:19]} 2. g3 {[%clk 1:30:00]} Nf6
{[%clk 1:30:05]} 3. Bg2 {[%clk 1:30:07]} d6 {[%clk 1:29:09]} 4. d4
{[%clk 1:27:58]} e6 {[%clk 1:28:32]} 5. Nc3 {[%clk 1:27:30]} Be7 {[%clk 1:28:23]}
6. Nf3 {[%clk 1:26:25]} O-O {[%clk 1:28:34]} 7. O-O {[%clk 1:26:04]} a5
{[%clk 1:22:33]} 8. Re1 {[%clk 1:25:13]} Ne4 {[%clk 1:17:47]} 9. Bd2
{[%clk 1:16:19]} Bf6 {[%clk 1:01:19]} 10. Qc2 {[%clk 1:02:04]} Nxd2
{[%clk 1:00:49]} 11. Qxd2 {[%clk 1:01:58]} g5 {[%clk 0:59:16]} 12. Red1
{[%clk 0:59:02]} g4 {[%clk 0:51:22]} 13. Ne1 {[%clk 0:59:27]} Bg5
{[%clk 0:49:45]} 14. e3 {[%clk 0:56:50]} h5 {[%clk 0:43:28]} 15. f4
{[%clk 0:53:18]} gxf3 {[%clk 0:42:55]} 16. Nxf3 {[%clk 0:53:06]} Bh6
{[%clk 0:37:13]} 17. Qe2 {[%clk 0:52:16]} Qe8 {[%clk 0:35:10]} 18. Nh4
{[%clk 0:45:18]} Rf7 {[%clk 0:28:18]} 19. Kh1 {[%clk 0:34:01]} Rg7
{[%clk 0:27:03]} 20. Bf3 {[%clk 0:33:46]} Rg5 {[%clk 0:22:59]} 21. e4
{[%clk 0:31:32]} Bd7 {[%clk 0:09:25]} 22. exf5 {[%clk 0:23:35]} exf5
{[%clk 0:08:26]} 23. Qxe8+ {[%clk 0:20:09]} Bxe8 {[%clk 0:08:55]} 24. Bxb7
{[%clk 0:19:37]} Bc6+ {[%clk 0:09:18]} 25. Bxc6 {[%clk 0:19:12]} Nxc6
{[%clk 0:09:47]} 26. Nd5 {[%clk 0:17:18]} Rc8 {[%clk 0:05:56]} 27. Rf1
{[%clk 0:16:51]} Rb8 {[%clk 0:03:59]} 28. Nxf5 {[%clk 0:15:32]} Bg7
{[%clk 0:03:55]} 29. Nxg7 {[%clk 0:13:13]} Rxg7 {[%clk 0:02:43]} 30. Nf6+
{[%clk 0:10:17]} Kh8 {[%clk 0:03:11]} 31. d5 {[%clk 0:08:22]} Ne5
{[%clk 0:03:39]} 32. b3 {[%clk 0:06:10]} a4 {[%clk 0:04:05]} 33. bxa4
{[%clk 0:04:10]} Nxc4 {[%clk 0:03:48]} 34. Rab1 {[%clk 0:03:30]} Ra8
{[%clk 0:03:58]} 35. Rb4 {[%clk 0:03:32]} Ne3 {[%clk 0:04:00]} 36. Rfb1
{[%clk 0:03:07]} Rg5 {[%clk 0:03:09]} 37. h4 {[%clk 0:01:19]} Rf5
{[%clk 0:03:08]} 38. Rb8+ {[%clk 0:01:30]} Rxb8 {[%clk 0:03:33]} 39. Rxb8+
{[%clk 0:01:51]} Kg7 {[%clk 0:04:00]} 40. Ne8+ {[%clk 0:01:41]} Kg6
{[%clk 0:01:57]} 41. Nxc7 {[%clk 0:22:44]} Rf1+ {[%clk 0:31:43]} 42. Kh2
{[%clk 0:22:58]} Rf2+ {[%clk 0:31:52]} 43. Kg1 {[%clk 0:22:18]} Rf1+
{[%clk 0:31:35]} 44. Kh2 {[%clk 0:22:06]} Rf2+ {[%clk 0:31:58]} 45. Kg1
{[%clk 0:22:16]} 1/2-1/2